[Event "BRA-ch Amateurs U1700"]
[Site "Sao Paulo"]
[Date "2024.05.31"]
[Round "3"]
[White "Brandalize, Heitor Fernando"]
[Black "Caribe Santos, Luiz Carlos"]
[Result "1-0"]
[WhiteElo "1800"]
[BlackElo "1686"]
[PlyCount "79"]
[EventDate "2024.05.30"]
[EventType "swiss"]
[EventRounds "7"]
[EventCountry "BRA"]
[SourceTitle "CBM 220 Extra"]
[Source "ChessBase"]
[SourceDate "2024.07.31"]
[SourceVersion "1"]
[SourceVersionDate "2024.07.31"]
[SourceQuality "1"]

1. Nf3 Nf6 2. c4 Nc6 3. d4 e6 4. Bg5 d5 5. e3 Be7 6. Bd3 dxc4 7. Bxc4 h6 8. Bh4 0-0 9. Nc3 a6 10. a4 b6 11. 0-0 Bb7 12. Qe2 Nh7 13. Bg3 Ng5 14. Nd2 Nh7 15. f4 Bh4 16. Qf2 Bxg3 17. Qxg3 Nf6 18. Nf3 Ne7 19. Rae1 Nf5 20. Qh3 Bxf3 21. Qxf3 Nxd4 22. Qh3 Nf5 23. g4 Nd6 24. Bd3 Nh7 25. Kh1 f6 26. g5 f5 27. gxh6 Rf6 28. Rg1 g6 29. e4 Nf7 30. e5 Nfg5 31. fxg5 Rf7 32. Rd1 Rd7 33. Bc4 Kf7 34. Qg2 Ra7 35. Qc6 Nf8 36. Bxe6+ Ke7 37. Bxd7 Nxd7 38. Nd5+ Kf7 39. e6+ Ke8 40. exd7+ 1-0

[Event "BRA-ch Amateurs U1700"]
[Site "Sao Paulo"]
[Date "2024.05.30"]
[Round "2"]
[White "Furlanetto, Augusto Cesar"]
[Black "Brandalize, Heitor Fernando"]
[Result "0-1"]
[WhiteElo "1660"]
[BlackElo "1800"]
[PlyCount "59"]
[EventDate "2024.05.30"]
[EventType "swiss"]
[EventRounds "7"]
[EventCountry "BRA"]
[SourceTitle "CBM 220 Extra"]
[Source "ChessBase"]
[SourceDate "2024.07.31"]
[SourceVersion "1"]
[SourceVersionDate "2024.07.31"]
[SourceQuality "1"]

1. e4 c6 2. c4 d5 3. cxd5 cxd5 4. exd5 Nf6 5. Nc3 Nxd5 6. Nf3 Nf6 7. Bc4 e6 8. d4 Be7 9. 0-0 0-0 10. Re1 Nbd7 11. Bd3 b6 12. Bc2 Bb7 13. Qd3 Re8 14. a3 a6 15. Bb3 Nc5 16. Qc2 Nxb3 17. Qxb3 Bxf3 18. gxf3 b5 19. Be3 Qd7 20. Rad1 h6 21. d5 Nxd5 22. Nxd5 exd5 23. Rxd5 Qh3 24. Bf4 Bd6 25. Be5 Bf8 26. Red1 Rac8 27. Bg3 Re6 28. Rd7 Rce8 29. Qc3 Be7 30. Qc2 0-1